| 000 | 00734nam a2200241 a 4500 | ||
|---|---|---|---|
| 001 | 000019969 | ||
| 005 | 20200929170218.0 | ||
| 008 | 100709s1959 sp 001 e spa d | ||
| 040 |
_aDO-SdBNP _bspa _cBNPHU |
||
| 082 |
_a864.6 _bM333a, 1959 |
||
| 100 | 1 |
_aMarías, Julián, _d1914-2005 _98842 |
|
| 245 | 1 | 0 |
_aAquí y ahora / _cJulián Marías. |
| 250 | _a3a ed. | ||
| 260 |
_aMadrid : _bEspasa-Calpe, _c1959. |
||
| 300 |
_a146, [14] p. ; _c18 cm. |
||
| 490 | 1 |
_aAustral. Verde: ensayos y filosofía _v1206 |
|
| 500 | _aIncluye índice de autores. | ||
| 650 | 4 |
_aEnsayos españoles _93095 |
|
| 650 | 4 |
_aLiteratura española _9632 |
|
| 830 | 0 |
_aAustral. _pVerde: ensayos y filosofía; _v1206 _98733 |
|
| 910 | _aWM | ||
| 049 | _aBNGR | ||
| 999 |
_c19482 _d19482 |
||